=LDR 00000nam 2200000 4500 =001 INLIS000000000047056 =005 20150708111641.0 =006 =007 =008 =035 ##$$0010-071500000000026 =082 ##$$a 028.5 =090 ##$$a 028.5 kae a.5 =100 ##$$a keen achroni =245 ##$$a anak kreatif =260 ##$$a buku kita =300 ##$$a hln. 24 =850 ##$$a NPBMAT =990 ##$$a 2090101007/BPAP-NTB/2015